Jak správně vybrat zaměstnance

Rady, ako sa vyhnúť problémom, ktoré môžu nastať v priebehu výberového konania. Ucelená predstava o očakávaniach firmy. Predstavenie firmy uchádzačovi o zamestnanie. Vyjasnenie si platových podmienok. Pohovor v pozitívnom duchu. Vzdelávanie v oblasti výberu zamestnancov.

Gespeichert in:
Bibliographische Detailangaben
1. Verfasser: Klementová, Pavlína
Format: Buchkapitel
Sprache:Tschechisch
Schlagworte:
Tags: Tag hinzufügen
Keine Tags, Fügen Sie das erste Tag hinzu!

MARC

LEADER 00000naa$a2200000$$$4500
001 0078998
005 20231018130956.9
041 0 |a cze 
044 |a CZ 
245 1 0 |a Jak správně vybrat zaměstnance  |c Pavlína Klementová 
520 |a Rady, ako sa vyhnúť problémom, ktoré môžu nastať v priebehu výberového konania. Ucelená predstava o očakávaniach firmy. Predstavenie firmy uchádzačovi o zamestnanie. Vyjasnenie si platových podmienok. Pohovor v pozitívnom duchu. Vzdelávanie v oblasti výberu zamestnancov. 
610 2 0 |a práca personálna 
610 2 0 |a nábor pracovníkov 
610 2 0 |a zamestnanie 
610 2 0 |a podmienky pracovné 
610 2 0 |a platy 
610 2 0 |a vzdelávanie 
100 1 |a Klementová, Pavlína